| 000 | 00455nam a22001217a 4500 | ||
|---|---|---|---|
| 008 | 230602b xxu||||| |||| 00| 0 eng d | ||
| 082 |
_a328.16 _bCLE |
||
| 110 |
_bProcedural research and journal office (PRJ) _cnational Assembly of kenya |
||
| 245 |
_aparliament of kenya _bThe national Assembly _cSpeaker;s Considered Rulings and Guidelines 2013-2017 |
||
| 260 |
_aParliament buildings _bThe clerk of the National Assembly |
||
| 300 | _axiv,248p | ||
| 942 |
_2ddc _cBK |
||
| 999 |
_c97 _d97 |
||